000 01065nam0a22002771 4500
001 rc\4405927
005 20250612073432.0
021 _aRU
_b[65-51625]
035 _a(NLR Aleph) 008561213
090 _a8466797
_c8466797
100 _a20130416d1965 |||y0rusy50 ca
101 0 _arus
102 _aRU
105 _aa z |||||
200 1 _aБюро экономического анализа Совхоза "Пионер"
_e[Талицкий район
_fВвед. Я. Суханова]
210 _aСвердловск
_cСред.-Уральское кн. изд-во
_d1965
215 _a39 с.
_cил.
_d20
606 _aСовхозы
_xЭкономический анализ
_yСвердловская область
_2psbo
606 _aБюро экономического анализа, общественные
_2psbo
700 1 _aДивногорцев
_bИ.П.
_gИгорь Павлович
702 1 _aСуханов
_bЯ.
_4080
801 0 _aRU
_bNLR
_gpsbo
801 1 _aRU
_bELAR
_2rusmarc
852 _aNLR
_j65-4/11159
942 _cBOOK
980 _aNB